• 首页
  • 本馆介绍
  • 公告通知
  • 最新文献
  • 馆藏检索
  • 电子资源
  • 读者荐购
  • 参考咨询
  • CALIS
  • 我的图书馆
  • 登录
  • 详细信息显示
  • 放入我的书架
  • 预约/预借图书
  • 作者相关作品
  • 分类相关作品
  • 丛书相关作品
  • 出版社相关作品

书目信息

  • 表格格式
  • 工作单格式
  • 卡片格式
题名:
全国注册公用设备工程师(暖通空调)执业资格专业考试真题解析
    
 
作者: 林星春 , 房天宇 主编
分册:  
出版信息: 北京   中国建筑工业出版社  2024
页数: 354页
开本: 26cm
丛书名:
单 册:
中图分类: TU99-44 , TU83-44
科图分类:
主题词: 城市公用设施--资格考试--题解 , 建筑工程--供热系统--资格考试--题解 , 建筑工程--通风系统--资格考试--题解 , 建筑工程--空气调节设备--资格考试--题解
电子资源:
ISBN: 978-7-112-29782-5
 
 
 
 
 
000 01163nam0 2200301 450
001 012983419
005 20240711140754.0
010    @a978-7-112-29782-5@dCNY90.00
100    @a20240621d2024 em y0chiy0120 ea
101 0  @achi
102    @aCN@b110000
105    @ay zq 000yy
106    @ar
200 1  @a全国注册公用设备工程师(暖通空调)执业资格专业考试真题解析@9quan guo zhu ce gong yong she bei gong cheng shi ( nuan tong kong tiao ) zhi ye zi ge zhuan ye kao shi zhen ti jie xi@f林星春,房天宇主编
210    @a北京@c中国建筑工业出版社@d2024
215    @a354页@d26cm
330    @a本书内容包括:2021-2023年度全国注册公用设备工程师(暖通空调)执业资格考试试卷、2021-2023年度全国注册公用设备工程师(暖通空调)执业资格考试参考答案与解析。
586    @a
606 0  @a城市公用设施@x资格考试@j题解
606 0  @a建筑工程@x供热系统@x资格考试@j题解
606 0  @a建筑工程@x通风系统@x资格考试@j题解
606 0  @a建筑工程@x空气调节设备@x资格考试@j题解
690    @aTU99-44@v5
690    @aTU83-44@v5
701  0 @a林星春@9lin xing chun@4主编
701  0 @a房天宇@9fang tian yu@4主编
801  0 @aCN@c20240806
905    @dTU99-44@eL520@f1@sTU99-44/L520@S@Z
    
    全国注册公用设备工程师(暖通空调)执业资格专业考试真题解析/林星春,房天宇主编.-北京:中国建筑工业出版社,2024
    354页;26cm
    
    
    ISBN 978-7-112-29782-5:CNY90.00
    本书内容包括:2021-2023年度全国注册公用设备工程师(暖通空调)执业资格考试试卷、2021-2023年度全国注册公用设备工程师(暖通空调)执业资格考试参考答案与解析。
●
相关链接 在E读中查询图书 在当当中查询图书 在豆瓣中查询图书


正题名:全国注册公用设备工程师(暖通空调)执业资格     索取号:TU99-44/L520         预约/预借

序号 登录号 条形码 馆藏地/架位号 状态 备注
1 21618553   216185535   建筑库201/201建筑库 123排2列5层/ [索取号:TU99-44/L520] 在馆    
河南城建学院图书馆 欢迎您!
大连网信软件有限公司© 版权所有